00587nam a22001937a 450000500170000001000140001702000260003102000230005703500130008003500130009303700130010603700530011908200130017224500500018526000460023527000690028130000220035070000210037220100812114028.0 aENG-99863 a9789380009254c240.00 a9380009259c240.00 aEN-83395 aB-427799 bDBAD/PUB bAllied/DE2010/CR/2777/16.3.11/280/4.3.11/30.3.11 a302.2303 aMedia glossary /ccompiled by Shashank Sharma aNew DelhibReadworthy Publications c2009 bNew DelhaA-18, Mohan Garden Near Nawada Metro Statione11005906 a210p.c22cm (pbk) aSharma, Shashank